Arquitectura y magia (Record no. 9500)

MARC details
000 -LEADER
campo de control de longitud fija 00741nam a2200241 i 4500
001 - NÚMERO DE CONTROL
campo de control 9500
003 - IDENTIFICADOR DE NÚMERO DE CONTROL
campo de control ES-MaACL
005 - FECHA Y HORA DE LA ÚLTIMA TRANSACCIÓN
campo de control 20230906145703.0
007 - CAMPO FIJO DE DESCRIPCIÓN FÍSICA--INFORMACIÓN GENERAL
campo de control de longitud fija t|
008 - DATOS DE LONGITUD FIJA--INFORMACIÓN GENERAL
campo de control de longitud fija 931004s1992 sp ||||1| spa d
020 ## - NÚMERO INTERNACIONAL ESTÁNDAR DEL LIBRO
Número Internacional Estándar del Libro 84-7844-134-4
080 ## - NÚMERO DE LA CLASIFICACIÓN DECIMAL UNIVERSAL
Número de la Clasificación Decimal Universal 726.7(464.1Escorial)
100 1# - ENTRADA PRINCIPAL--NOMBRE DE PERSONA
Nombre de persona Taylor, René.
9 (RLIN) 109467
245 10 - MENCIÓN DEL TÍTULO
Título Arquitectura y magia
Resto del título : consideraciones sobre la idea de El Escorial /
Mención de responsabilidad, etc. René Taylor.
260 ## - PUBLICACIÓN, DISTRIBUCIÓN, ETC.
Lugar de publicación, distribución, etc. Madrid :
Nombre del editor, distribuidor, etc. Siruela,
Fecha de publicación, distribución, etc. D.L.1992.
300 ## - DESCRIPCIÓN FÍSICA
Extensión 222 p. :
Otras características físicas il. ;
Dimensiones 24 cm.
490 1# - MENCIÓN DE SERIE
Mención de serie La biblioteca sumergida ;
Designación de volumen o secuencia 2
500 ## - NOTA GENERAL
Nota general Apéndices.
610 2# - PUNTO DE ACCESO ADICIONAL DE MATERIA--NOMBRE DE ENTIDAD CORPORATIVA
Nombre de entidad corporativa o nombre de jurisdicción como elemento de entrada Monasterio de El Escorial.
9 (RLIN) 5729
830 0# - PUNTO DE ACCESO ADICIONAL DE SERIE-TÍTULO UNIFORME
Título uniforme La biblioteca sumergida ;
Designación de volumen o secuencia 2
9 (RLIN) 178504
852 ## - LOCALIZACIÓN
Ubicación ES-MaACL
Número de control de estantería L-16798
Sublocalización o colección R.121544
Holdings
Estatus retirado Estado de pérdida Estado de daño No para préstamo Biblioteca de origen Biblioteca actual Ubicación en estantería Fecha de adquisición Fuente de adquisición Total de préstamos Signatura topográfica completa Código de barras Visto por última vez Precio de reemplazo Tipo de ítem Koha
        Biblioteca del Ateneo de Madrid Biblioteca del Ateneo de Madrid Depósito 2 17/01/2008     L-16798 1009693 23/02/2023 23/02/2023 Libro impreso